The Euro Vision (Record no. 84415)
[ view plain ]
| 000 -LEADER | |
|---|---|
| fixed length control field | 00487cab a22001695a 4500 |
| 001 - CONTROL NUMBER | |
| control field | L157575 |
| 008 - FIXED-LENGTH DATA ELEMENTS--GENERAL INFORMATION | |
| fixed length control field | 130124e xxk 000 0 eng d |
| 035 ## - SYSTEM CONTROL NUMBER | |
| System control number | (Sirsi) u157575 |
| 041 0# - LANGUAGE CODE | |
| Language code of text/sound track or separate title | eng |
| 100 1# - MAIN ENTRY--PERSONAL NAME | |
| Personal name | Branson, Adam |
| 245 04 - TITLE STATEMENT | |
| Title | The Euro Vision |
| 490 ## - SERIES STATEMENT | |
| Series statement | Building |
| Volume/sequential designation | 278 (8757) 18 January 2013, 34-43(9) |
| 520 ## - SUMMARY, ETC. | |
| Summary, etc. | Contractor and housebuilders league tables for top European contractors in 2013 |
| 590 ## - LOCAL NOTE (RLIN) | |
| Local note | KA |
| 650 24 - SUBJECT ADDED ENTRY--TOPICAL TERM | |
| Topical term or geographic name entry element | Contracting, European, Housebuilding |
| 942 ## - ADDED ENTRY ELEMENTS (KOHA) | |
| Suppress in OPAC | 0 |
| Withdrawn status | Lost status | Source of classification or shelving scheme | Damaged status | Not for loan | Home library | Current library | Shelving location | Date acquired | Total Checkouts | Full call number | Barcode | Date last seen | Copy number | Price effective from | Koha item type |
|---|---|---|---|---|---|---|---|---|---|---|---|---|---|---|---|
| Dewey Decimal Classification | London | London | Journals | 24/01/2013 | L157575 | 157575-1001 | 06/08/2019 | 1 | 06/08/2019 | Journal article |